00346nam a2200133Ia 4500008004100000020001500041041001200056082001600068100001200084245005900096260004100155300000800196650000800204221030s9999 xx 000 0 und d a8129702304 aEnglish a105.23bEdd aB. Edde 0aRadar Principles, Technology, Applicationscby B. Edde bPearson EducationaNew Delhic2004 a717 aECE